| 000 | 00962nam a2200373 a 4500 | ||
|---|---|---|---|
| 003 | AR-BaBNM | ||
| 005 | 20251128203023.0 | ||
| 008 | 082120s2002 ||||||||||||||000 | spa|| | ||
| 040 | _cAR-BaBNM | ||
| 100 | 1 | _aFlenley, R. | |
| 245 | 0 | 0 |
_aHistoria del mundo _bel desarrollo de la civilización occidental. 1 |
| 250 | _a1ª ed. | ||
| 260 |
_aBarcelona _bIberia _bJoaquín, Gil _c1945 |
||
| 300 |
_a409 p. _bmapas, il., láms. |
||
| 650 | 4 | _aHISTORIA MEDIEVAL | |
| 650 | 4 | _aEDUCACION | |
| 650 | 4 | _aLITERATURA | |
| 650 | 4 | _aECONOMIA | |
| 650 | 4 | _aCAMBIO SOCIAL | |
| 650 | 4 | _aCIENCIAS POLITICAS | |
| 650 | 4 | _aHISTORIA BIZANTINA | |
| 650 | 4 | _aHISTORIA ASIATICA | |
| 650 | 4 | _aHISTORIA AFRICANA | |
| 650 | 4 | _aFEUDALISMO | |
| 650 | 4 | _aARQUITECTURA | |
| 650 | 4 | _aCOMERCIO | |
| 651 | 4 | _aItalia | |
| 651 | 4 | _aGrecia | |
| 651 | 4 | _aAfrica | |
| 700 | 1 | _aWeech, W.N. | |
| 700 | 1 |
_aDe Luaces, Juan G. _etraductor |
|
| 942 | _cBK | ||
| 998 | _cmariana | ||
| 999 |
_c1546 _d1546 |
||